| 000 | 00780nam a22002537a 4500 | ||
|---|---|---|---|
| 001 | BR7901787 | ||
| 003 | BR-BrBNA | ||
| 005 | 20230928085953.0 | ||
| 007 | ta | ||
| 008 | 230509b bl.||||| |||| 00| 0 por d | ||
| 040 |
_aBR-BrBNA _bpor _cBiblioteca Nacional de Agricultura |
||
| 041 | _a(Por) | ||
| 072 | _aE15 | ||
| 090 | _ E15 BR7901787 | ||
| 100 | 1 | _aMagalhaes, A. | |
| 100 | 1 | _aBordini, M. da G. (eds.) | |
| 245 | 1 |
_aGrande manual globo de agricultura, pecuaria e receituario industrial [industria agricola, empresa rural] _bv. 1 - O negocio rural e sua infraestrutura |
|
| 260 | 3 |
_aPorto Alegre, RS (Brasil): _bGlobo, _c1978. |
|
| 300 | _a313 p. | ||
| 650 | _aEMPRESA RURAL | ||
| 650 | _aINDUSTRIA AGRICOLA | ||
| 909 |
_a202309 _bLucia _c55 _dLucia Elande |
||
| 942 | _cBK | ||
| 999 |
_c27244 _d27244 |
||